|
|
|
|
| LEADER |
00702nab#a2200289#ar4500 |
| 001 |
000113021 |
| 003 |
SVKKK |
| 005 |
20140528132501.0 |
| 008 |
060831c2014 xo e slo |
| FMT |
|
|
|
| 015 |
|
|
|a SNBRB2014/05
|
| 038 |
|
|
|a SVKKK
|
| 040 |
|
|
|a SVKKK
|b slo
|e AACR2
|
| 041 |
0 |
|
|a slo
|
| 044 |
|
|
|a xo
|c SK
|
| 080 |
|
|
|a 398.8
|2 2008
|
| 100 |
1 |
|
|a Cabadaj, Peter
|4 aut
|4 pht
|
| 245 |
1 |
0 |
|a Terchovská muzika je už v Unesco
|c Peter Cabadaj
|
| 300 |
|
|
|b Fotogr.
|
| 650 |
0 |
4 |
|a folklór
|x ľudová hudba
|z Terchová (Slovensko)
|
| 773 |
0 |
|
|t Slovensko
|x 0231-7303
|g Roč. 36, č. 1 (2014), s. 16-17
|
| 974 |
|
|
|a Fav
|
| 992 |
|
|
|a RBX
|
| BAS |
|
|
|
| 852 |
|
|
|a SVKKK
|b BIB
|
| EXP |
|
|
|
| 998 |
|
|
|a SLO
|